000 00828nam a2200301Ia 4500
001 Para_9518
003 CHAP
005 20230822144428.0
008 220125s2006 xx 000 0 und d
010 _a208192
040 _cCHAP
082 _aPA 575.1 K5y 2006
100 _aKlug, William S.
_963482
245 _aConceptos de genética /
_c por Klug, William S., Michel R. Cummings y Charlotte A. Spencer
250 _a8
260 _aMadrid :
_b Pearson
300 _a920 p.
503 _aC/e (ej.1)
650 _aGenética
_947469
700 _aCummings, Michael R.
_930423
700 _aSpencer, Charlotte A.
_9174542
901 _a575.1 K5Y 2006
902 _aM
905 _a0000002006 a 0000000000 00
910 _a2006
942 _cPARA
_2ddc
942 _cPARA
_2ddc
999 _c208192
_d208192